00826cam a2200253 a 450000100090000000300040000900500170001300800410003001000170007102000310008804000170011905000250013608200190016110000300018024500690021026000770027930000210035649000300037750400600040750500190046763000350048663000340052170000170055514559767OSt20150320163946.0060920m2007 txu b 000 0 eng  a 2006935050 a9781556711732 (alk. paper) aDLCcDLCdDLC00aBS1235.53b.B37 200700a222/.110772221 aBarnwell, Katharine G. L.10aTranslator's notes on Genesis /cKatharine Barnwell, Hanni Kuhn. aDallas, TX :bSIL International, International Translation Dept.,c2007- av. <1> ;c28 cm.0 aTranslator's notes series aIncludes bibliographical references (v. 1, p. 231-236).1 av. 1. 1-11:26.00aBible.pGenesisvCommentaries.00aBible.pGenesisxTranslating.1 aKuhn, Hanni.